Conor McGregor Quiz - Statistics

General Stats
  • This quiz has been taken 1,281 times
  • The average score is 13 of 23
Answer Stats
Question Answer % Correct
Conor McGregor was born in what city? Dublin
93%
What year did the UFC sign Conor McGregor? 2013
91%
What is Conor McGregor's nickname? The Notorious
89%
Conor McGregor has won the UFC Performace of the Night how many times in his career? 5
83%
At UFC 196, Conor McGregor lost to Nate Diaz by which type of choke? Rear-naked Choke
81%
At UFC 194, Conor Mcgregor won and unified the UFC Featherweight Championship by defeating Jose Aldo, how long did the fight last? 13 Seconds
80%
What other animal does McGregor have tatoo'd on his stomach? Tiger
75%
In the lead up to the Jose Aldo fight, during an interview with FOX sports, McGregor said he could smell what in Jose Aldo? Fear
73%
Conor McGregor has a tatoo of which animal on his chest? Gorilla
73%
What colour belt does McGregor have in Brazilian Jiu-Jitsu? Brown
72%
McGregor is the current champion in which weight division? Featherweight
72%
Before settling on an MMA career, McGregor briefly served an apprenticeship in which profession? Plumbing
68%
Conor Mcgregor first fought Nate Diaz at UFC 196, but who was he suppose to fight on that card? Rafael dos Anjos
57%
What is the name of Conor McGregor's girlfriend? Dee Devlin
56%
Who is McGregors trainer/coach? John Kavanagh
46%
How much was Nate Diaz paid at UFC 202? $2,000,000
38%
In his re-match with Nate Diaz at UFC 202, how much was Mcgregor paid for that fight? $3,000,000
37%
In Sep 2016, McGregor announced he would be partnering with which video game franchise? Call of Duty
36%
Conor McGregor made his UFC debut in which country? Sweden
35%
Complete this quote "There's two things I really like to do and that's whoop ass and ____ ____." Look Good
29%
On April 19th 2016, McGregor posted a tweet stating that he had decied to what? Retire Young
11%
McGregor became only the second fighter from Ireland to compete for the UFC, following which fellow SBG team member? Tom Egan
6%
In his youth, he played football for which junior football/soccer club? Lourdes Celtic Football Club
3%
No matching quizzes found
Score Distribution
Percent of People with Each Score
Percentile by Number Answered
Your Score History
You have not taken this quiz